=LDR 00000nam 2200000 4500 =001 001211 =005 20250710115654 =035 ##$$a 0010-0725000390 =007 ta =008 250710################a##########0#ind## =020 ##$$a 978-623-307-284-7 =082 ##$$a 398.209 598 =084 ##$$a 398.209 598 EMM n =100 #$$a Emma hearne =245 1#$$a Nina terbalik /$c Emma hearne =250 ##$$a Cetakan pertama =260 ##$$a Rawamangun :$b Badan pengembangan dan pembinaan bahasa,$c 2022 =300 ##$$a 16 hlm. : $b Ilus. ; $c 29cm =650 #4$$a Cerita anak indonesia-terjemahan =990 ##$$a TBM02810281